Taylor Swift 03 - Statistics

General Stats
  • This quiz has been taken 26 times
    18 since last reset
  • The average score is 295 of 339
Answer Stats
Answer % Correct
a
100%
an
100%
and
100%
I
100%
like
100%
the
100%
they
100%
we
100%
you
100%
all
92%
are
92%
assume
92%
be
92%
bed
92%
but
92%
cardigan
92%
felt
92%
high
92%
I'm
92%
in
92%
is
92%
kiss
92%
knew
92%
know
92%
me
92%
my
92%
new
92%
nothing
92%
now
92%
old
92%
on
92%
said
92%
someone's
92%
this
92%
to
92%
was
92%
when
92%
young
92%
your
92%
better
85%
black
85%
brand
85%
'cause
85%
come
85%
dancing
85%
father
85%
favorite
85%
friend
85%
hand
85%
heels
85%
it
85%
needed
85%
none
85%
of
85%
one
85%
phone
85%
politics
85%
put
85%
smile
85%
sweatshirt
85%
under
85%
vintage
85%
what
85%
around
77%
baby
77%
back
77%
bars
77%
bleeding
77%
cars
77%
cobblestones
77%
drunk
77%
girls
77%
I'd
77%
Levi's
77%
line
77%
lipstick
77%
lose
77%
losing
77%
once
77%
Peter
77%
scars
77%
sensual
77%
sequin
77%
standing
77%
stars
77%
streetlight
77%
tee
77%
time
77%
two
77%
water
77%
Wendy
77%
you'd
77%
chase
69%
downtown
69%
drew
69%
for
69%
last
69%
lifetimes
69%
light
69%
long
69%
miss
69%
porch
69%
running
69%
20
62%
bloodstain
62%
chasing
62%
curse
62%
ending
62%
everything
62%
front
62%
grocery
62%
leaving
62%
shadows
62%
tattoo
62%
would
62%
change
54%
expired
54%
hang
54%
haunt
54%
heartbeat
54%
ifs
54%
marked
54%
smoke
54%
thrill
54%
train
54%
longest
46%
smell
46%
tried
46%
giving
38%
hide
38%
linger
38%
playing
38%
seek
38%
stepping
38%
weekends
31%
No matching quizzes found
Score Distribution
Percent of People with Each Score
Percentile by Number Answered
Your Score History
You have not taken this quiz since the last reset